التوكل / (رقم التسجيلة. 57609)

تفاصيل مارك
000 -LEADER
fixed length control field 00581nam a22001817a 4500
005 - DATE AND TIME OF LATEST TRANSACTION
control field 20251108171134.0
008 - FIXED-LENGTH DATA ELEMENTS--GENERAL INFORMATION
fixed length control field 250721s1996 xx 000 0 ara d
082 14 - DEWEY DECIMAL CLASSIFICATION NUMBER
Classification number 214/قرض
100 1# - MAIN ENTRY--PERSONAL NAME
Personal name القرضاوي، يوسف
245 10 - TITLE STATEMENT
Title التوكل /
264 1# - PRODUCTION, PUBLICATION, DISTRIBUTION, MANUFACTURE, AND COPYRIGHT NOTICE
Place of production, publication, distribution, manufacture القاهرة :
Name of producer, publisher, distributor, manufacturer مكتبة وهبه،
Date of production, publication, distribution, manufacture, or copyright notice 1996.
300 ## - PHYSICAL DESCRIPTION
Extent 128ص.
490 0# - SERIES STATEMENT
Series statement تيسير فقه السلوك في ضوء القرآن و السنة في الطريق إلى الله ؛3
650 17 - SUBJECT ADDED ENTRY--TOPICAL TERM
Topical term or geographic name as entry element التوحيد
650 17 - SUBJECT ADDED ENTRY--TOPICAL TERM
Topical term or geographic name as entry element أصول الدين الإسلامي
942 ## - ADDED ENTRY ELEMENTS (KOHA)
Source of classification or shelving scheme Dewey Decimal Classification
Koha item type كتب
المقتنيات
حالة السحب حالة الفقدان مصدر التصنيف حالة التلف غير قابل للإعارة المكتبة الرئيسية المكتبة الحالية موقع الرف تاريخ التزويد الرقم المتسلسل Total Checkouts رقم الإستدعاء تاريخ آخر ظهور تاريخ الفاتورة نوع المادة (كوها) الباركود
    Dewey Decimal Classification     المكتبة المركزية المكتبة المركزية الإعارة 28/07/2025 227371   214/قرض 28/07/2025 28/07/2025 كتب 227371
    Dewey Decimal Classification Unchecked   مكتبة الاميرة بديعة مكتبة الاميرة بديعة الإعارة 06/07/2004 5489   214/قرض 28/07/2025 06/07/2004 كتب  
    Dewey Decimal Classification     مكتبة النصر العامة مكتبة النصر العامة الإعارة 27/10/2014 8151.   214/قرض 28/07/2025 27/10/2014 كتب PLD00308795
    Dewey Decimal Classification     مكتبة صويلح العامة مكتبة صويلح العامة الإعارة 20/10/2015 [11326   214/قرض 28/07/2025 20/10/2015 كتب PLD00357826
    Dewey Decimal Classification     مكتبة صويلح العامة مكتبة صويلح العامة الإعارة 08/07/2019 011590   214/قرض 28/07/2025 08/07/2019 كتب PLD00456503
Implemented & Customized by: BBB with SCIT (Smart Chains for Information Technology)

Powered by Koha